|
|
|
|
| LEADER |
00000nam a2200000 i 4500 |
| 001 |
1/96326 |
| 008 |
941014s1994 eng d |
| 020 |
|
|
|a 0-7923-2602-4
|
| 035 |
|
|
|l 10010140
|
| 040 |
|
|
|a GR-MY-UA
|b gre
|e aacr
|
| 041 |
0 |
|
|a eng
|
| 082 |
0 |
|
|a 363.7
|
| 245 |
1 |
0 |
|a Valuing the environment :
|b methodological and measurement issues /
|c Edited by Rudiger Pethig
|
| 260 |
|
|
|a Dordrecht :
|b Kluwer ,
|c 1994
|
| 300 |
|
|
|a 346 p.
|b tables; fig.
|
| 650 |
0 |
0 |
|a Environmental policy
|x Costs.
|
| 650 |
0 |
0 |
|a Environmental policy
|x Research.
|
| 700 |
1 |
|
|a Pethig , Rudiger.
|4 edt
|
| 852 |
|
|
|a INST
|b LESVOS
|e 19941014
|h 363.7 VAL
|p 005100002300
|q 005100002300
|t BK
|y 0
|
| 909 |
|
|
|a Λ
|b 037094
|
| 950 |
|
|
|a 054-1994-09-06
|